Foundational aspects of "non" standard mathematics

Αποθηκεύτηκε σε:
Λεπτομέρειες βιβλιογραφικής εγγραφής
Κύριος συγγραφέας: Ballard, David 1941-
Μορφή: Βιβλίο
Γλώσσα:English
Δημοσίευση: Providence, R.I. : American Mathematical Society, c1994
Σειρά:Contemporary mathematics (American Mathematical Society) ; ; 176
Θέματα:
Ετικέτες: Προσθήκη ετικέτας
Δεν υπάρχουν, Καταχωρήστε ετικέτα πρώτοι!

MARC

LEADER 00000nam a2200000 i 4500
001 1/52875
008 951024s1994 eng d
020 |a 0-8218-0293-3 
035 |1 ΕΛΗ  |a 1995  |b 2410  |c ΧΑΡΑΛΑΜΠΟΥΣ  |l 10044546 
040 |a GR-MY-UA  |b gre  |e aacr 
041 0 |a eng 
082 0 |a 511.2 
100 1 |a Ballard, David  |d 1941- 
245 1 0 |a Foundational aspects of "non" standard mathematics /  |c David Ballard 
260 |a Providence, R.I. :   |b American Mathematical Society,   |c c1994 
300 |a viii, 135 p.;  |c 26 cm. 
490 1 |a Contemporary mathematics  |v ; 176 
500 |a Includes bibliographical references and index 
650 0 0 |a Nonstandard mathematical analysis. 
830 0 |a Contemporary mathematics (American Mathematical Society) ;  |v ; 176 
852 |a INST  |b SAMOS  |e 19951024  |h 511.2 BAL  |p 005300012032  |q 005300012032  |t BK  |y 0 
901 |a BIBL-1997-2 
909 |a Σ  |b 051573